Five little ducks / (Record no. 3266)

MARC details
000 -LEADER
fixed length control field 00872nam a22002897a 4500
001 - CONTROL NUMBER
control field 3266
003 - CONTROL NUMBER IDENTIFIER
control field FISKH
005 - DATE AND TIME OF LATEST TRANSACTION
control field 20260319081015.0
008 - FIXED-LENGTH DATA ELEMENTS--GENERAL INFORMATION
fixed length control field 240222b cb ||||| |||| 00| 0 eng d
020 ## - INTERNATIONAL STANDARD BOOK NUMBER
International Standard Book Number 9781846431371
040 ## - CATALOGING SOURCE
Original cataloging agency FISKH
Language of cataloging eng
Transcribing agency FISKH
Modifying agency FISKH
050 ## - LIBRARY OF CONGRESS CALL NUMBER
Classification number PZ8.3
082 ## - DEWEY DECIMAL CLASSIFICATION NUMBER
Classification number 782.42162
100 ## - MAIN ENTRY--PERSONAL NAME
Personal name Ives, Penny
245 ## - TITLE STATEMENT
Title Five little ducks /
Statement of responsibility, etc. illustrated by Ives , Penny
260 ## - PUBLICATION, DISTRIBUTION, ETC.
Place of publication, distribution, etc. Swindon :
Name of publisher, distributor, etc. Child's Play ,
Date of publication, distribution, etc. 2002
300 ## - PHYSICAL DESCRIPTION
Extent 16 unnumbered pages :
Other physical details color illustrations ;
Dimensions 21 cm .
490 ## - SERIES STATEMENT
Series statement Classic Books with Holes
505 ## - FORMATTED CONTENTS NOTE
Formatted contents note G <br/>
520 ## - SUMMARY, ETC.
Summary, etc. When her five little ducks disappear one by one, Mother Duck sets out to find them.
521 8# - TARGET AUDIENCE NOTE
Target audience note 350 <br/>
Source Lexile <br/>
521 8# - TARGET AUDIENCE NOTE
Target audience note G <br/>
Source Raz-Plus <br/>
600 ## - SUBJECT ADDED ENTRY--PERSONAL NAME
Source of heading or term ducks
Form subdivision fiction
650 ## - SUBJECT ADDED ENTRY--TOPICAL TERM
Topical term or geographic name entry element counting
Form subdivision fiction
700 ## - ADDED ENTRY--PERSONAL NAME
Personal name Ives, Penny
Relator term illustrator
942 ## - ADDED ENTRY ELEMENTS (KOHA)
Source of classification or shelving scheme Dewey Decimal Classification
Koha item type Books
Suppress in OPAC No
Holdings
Withdrawn status Lost status Source of classification or shelving scheme Damaged status Not for loan Collection Home library Current library Shelving location Date acquired Total Checkouts Full call number Barcode Date due Date last seen Date last checked out Price effective from Koha item type Copy number
    Dewey Decimal Classification     Juvenile Fiction Footprints International School Library Network Toul Tom Poung Campus Footprints International School Library Network Toul Kork Campus   02/22/2024 3 IVE 782.42162 PZ8.3 FISTK01643 04/08/2026 03/25/2026 03/25/2026 02/22/2024 Books  
    Dewey Decimal Classification     Juvenile Fiction Footprints International School Library Network Toul Tom Poung Campus Footprints International School Library Network Toul Tom Poung Campus TTP Primary Green Bookshelves 02/25/2026 2 IVE 782.42162 PZ8.3 FIS02993   04/23/2026 03/26/2026 02/25/2026 Books 2